000 00616nam a2200217Ia 4500
003 OSt
005 20220928143057.0
006 a|||||r|||| 00| 0
007 ta
008 220927b |||||||| |||| 00| 0 eng d
024 _a21028
037 _cTextual
040 _aSDCL
_cSDCL
_beng
041 _2eng
_aeng
082 _aP152:4(A), M7
100 _aSirohi Balraj Singh
_9503434
245 0 _aSangheeya rajbhasha ke sandarabh me parabhashik vaigyanic sabadawali ke nirman ki samasayaen.
260 _c1987
942 _hP152:4(A), M7
_cTEXL
_2CC
999 _c823090
_d823090